00347nam a2200121Ia 4500008004100000020002200041041000800063082002300071100001900094245007600113260002700189300000900216230314s9999 xx 000 0 und d a978-93-86896-74-2 aeng aN/613.2/CHA/B09901 aChauhan Deepti aApplied Nutrition and Dietetics for BSc and Post Basic Nursing Stutents bLotusaJalandharc2022 a344p